| Поле | Инд. | ПП | Название | Значение |
|---|---|---|---|---|
| Тип записи | a | |||
| Библиографический уровень | m | |||
| 001 | Контрольный номер | RU/IS/BASE/318515214 | ||
| 005 | Дата корректировки | 20220801133049.5 | ||
| 040 | b | Код языка каталог. | rus | |
| 041 | a | Код языка текста | rus | |
| 080 | a | Индекс УДК | 004.42 | |
| 084 | a | Индекс другой классификации/Индекс ББК | 32.973.202-018.2 | |
| 090 | a | Полочн. индекс | 681.3 | |
| c | Каталожный индекс | 681.3.06 | ||
| x | Авторский знак | Г61 | ||
| 097 | b | Оператор | 11 | |
| 100 | a | Автор | Голованов О. В. | |
| 245 | a | Заглавие | Разработка программного обеспечения отраслевой АСУ | |
| 260 | a | Место издания | М. | |
| b | Издательство | Статистика | ||
| c | Дата издания | 1978 | ||
| 300 | a | Объем | 199 с. | |
| 510 | a | Примечание о ссылках | Книги и методические пособия | |
| 650 | a | Основная рубрика | 50.05 Теоретические основы программирования | |
| x | Основная подрубрика | 50.05.13 Технология программирования. Автоматизация программирования | ||
| 650 | 14 | a | Основная рубрика | 50.49 Автоматизированные системы организационного управления |
| x | Основная подрубрика | 50.49.31 Отраслевые автоматизированные системы управления | ||
| 653 | a | Ключевые слова | автоматические системы управления; управление производством; программное обеспечение | |
| 700 | a | Другие авторы | Шкарупа В. В. | |
| 901 | t | Тип документа | m |